Statistics for Capitals Containing City

Click here to take the quiz!

General Stats

  • This quiz has been taken 68 times
  • The average score is 4 of 5

Answer Stats

Answer% Correct
Mexico City
97%
Guatemala City
86%
Panama City
81%
Vatican City
73%
Kuwait City
72%

Score Distribution

Percentile by Number Answered

Percent of People with Each Score

Your Score History

You have not taken this quiz